A TAXONOMIC STRUCTURE OF SKILLS AND COMPETENCES

Bibliographic Details
Main Author: Švec, Štefan (Author)
Format: Article
Language:English

MARC

LEADER 00000nab a2200000uu 4500
001 vtls010880485
003 SK-MaSNL
005 20260303145144.0
008 230222|2006 xo |||||||||||||||||eng|
015 |a SNBRB 
035 |a (urnnbn)urn:nbn:sk:snk:ar-005z66 
035 |a (uuid)c00b9b6b-9db1-4089-afb9-106eb2fd1894 
035 |a urn:nbn:sk:snk-ab7p2i 
040 |a SNKBUCL  |b slo  |c SNKBUCL  |e AACR2 
041 0 |a eng 
044 |a xo  |c SK 
100 1 |a Švec, Štefan  |4 aut  |9 317440 
245 1 0 |a A TAXONOMIC STRUCTURE OF SKILLS AND COMPETENCES  |c Štefan Švec 
773 0 |t Pedagogická revue : časopis pre pedagogickú teóriu a prax  |g Roč. 58, č. Special English Number (2006), s. 2-15 
958 |a OND 
958 |a EUIPO 
958 |a article8 
999 |c 2000945  |d 2002875